000 00612nam a22002177a 4500
003 OSt
005 20170322151427.0
008 170322b xxu||||| |||| 00| 0 eng d
020 _a9780071494366
020 _a0071494367
040 _cDMLN
082 _aQV737 D45p 2009
100 _aDesselle, Shane P.; Zgarrick, David P.
_911883
245 _aPharmacy Management: essential for all practice settings
250 _a2nd ed.
260 _aNew York; Mcgraw-hill, 2009
300 _axvii,632p; ill:23cm
504 _aReferences, & index included
650 _aPharmacy management
_91569
942 _2z
_cSLOAN
999 _c5712
_d5712